[Event "2014 Alberta Open"]
[Site "Calgary"]
[Date "2014.10.13"]
[Round "5.6"]
[White "Rekhson, Vladislav"]
[Black "Miller, David"]
[Result "1-0"]
[WhiteElo "2252"]
[BlackElo "2240"]
[PlyCount "33"]
[EventDate "2014.10.11"]
[EventType "swiss"]
[EventRounds "6"]
[EventCountry "CAN"]

1. e4 c5 2. c3 d6 3. d4 Nf6 4. Bd3 g6 5. Nf3 Bg7 6. h3 O-O 7. Be3 Qc7 8. O-O e5
9. Nbd2 Nh5 10. a4 Nf4 11. Nc4 Nxd3 12. Qxd3 f5 13. dxe5 dxe5 14. Qd5+ Qf7 15.
Qxf7+ Rxf7 16. Nfxe5 Re7 17. Rad1 1-0

[Event "2014 Alberta Open"]
[Site "Calgary"]
[Date "2014.10.13"]
[Round "5.7"]
[White "Cheng, Louis"]
[Black "Bentley, Bill"]
[Result "1-0"]
[WhiteElo "2151"]
[BlackElo "1931"]
[PlyCount "112"]
[EventDate "2014.10.11"]
[EventType "swiss"]
[EventRounds "6"]
[EventCountry "CAN"]

1. e4 e6 2. d4 d5 3. Nc3 Nf6 4. Bd3 c5 5. e5 Nfd7 6. dxc5 Nc6 7. Nf3 Bxc5 8.
Qe2 Nd4 9. Nxd4 Bxd4 10. Nb5 Bxe5 11. f4 Bb8 12. c3 O-O 13. Be3 e5 14. fxe5
Nxe5 15. O-O-O Bg4 16. Qd2 Nxd3+ 17. Qxd3 Bxd1 18. Rxd1 a6 19. Nd4 Qf6 20. Nf5
Ba7 21. Bxa7 Rxa7 22. Qxd5 Raa8 23. Qd7 Kh8 24. Nd6 b5 25. g3 Qe6 26. Qb7 Qxa2
27. Rd5 Qa1+ 28. Kc2 Qf1 29. Rf5 Qe2+ 30. Kc1 f6 31. Nf7+ Kg8 32. Qd5 Qe3+ 33.
Kb1 Qe7 34. Nd8+ Kh8 35. Qxa8 Rxd8 36. Qc6 Qd7 37. Qxd7 Rxd7 38. Rc5 h6 39. Kc2
Rd6 40. b3 g5 41. c4 bxc4 42. bxc4 Kg7 43. Kc3 Kf7 44. Rc7+ Kg6 45. c5 Rd1 46.
Ra7 Ra1 47. Kd4 Rd1+ 48. Kc4 Rc1+ 49. Kd5 Rd1+ 50. Ke6 Rc1 51. Kd6 Rd1+ 52. Kc7
Ra1 53. Kb6 Ra2 54. c6 Rxh2 55. Kc5 h5 56. Kc4 Rc2+ 1-0

[Event "2014 Alberta Open"]
[Site "Calgary"]
[Date "2014.10.13"]
[Round "5.8"]
[White "Adagha, Ovo"]
[Black "Tran-Ly, Tristan"]
[Result "0-1"]
[WhiteElo "1892"]
[BlackElo "2128"]
[PlyCount "100"]
[EventDate "2014.10.11"]
[EventType "swiss"]
[EventRounds "6"]
[EventCountry "CAN"]

1. e4 c6 2. d4 d5 3. Nd2 dxe4 4. Nxe4 h6 5. Ng3 Nf6 6. h3 Nbd7 7. Nf3 e6 8. Bd3
c5 9. O-O cxd4 10. Nxd4 Bc5 11. Nf3 Qc7 12. Kh1 Bxf2 13. Ne2 Bb6 14. b3 h5 15.
Bf4 e5 16. Bg3 Qc5 17. Bc4 Ne4 18. Bxf7+ Kxf7 19. Ng5+ Kg8 20. Nxe4 Qc6 21. Nd6
Nf6 22. Nxc8 Rxc8 23. Bxe5 Ng4 24. Nd4 Qe4 25. Qe1 Qxe5 26. Qxe5 Nxe5 27. Ne6
Rh6 28. Ng5 Rg6 29. Rf5 Nc6 30. h4 Nd4 31. Re5 Nc6 32. Re4 Rf6 33. Rae1 Rcf8
34. Nf3 Rf4 35. Rxf4 Rxf4 36. Re8+ Kf7 37. Re2 Kf6 38. c3 Ne7 39. Kh2 Bc7 40.
Kg1 Nf5 41. Re8 Bb6+ 42. Kh2 Kf7 43. Rb8 Nxh4 44. Rxb7+ Kf6 45. Nd2 Nf5 46. Nf3
g5 47. Rb8 g4 48. Nd4 g3+ 49. Kg1 Nxd4 50. Rf8+ Kg5 0-1

[Event "2014 Alberta Open"]
[Site "Calgary"]
[Date "2014.10.13"]
[Round "5.9"]
[White "Koperski, Dustin"]
[Black "Karmali, Hafiz"]
[Result "0-1"]
[WhiteElo "1703"]
[BlackElo "2031"]
[PlyCount "60"]
[EventDate "2014.10.11"]
[EventType "swiss"]
[EventRounds "6"]
[EventCountry "CAN"]

1. e4 e6 2. b3 d5 3. Bb2 d4 4. Nf3 c5 5. c3 Nc6 6. Bb5 Bd7 7. O-O Nf6 8. d3
dxc3 9. Nxc3 Be7 10. Re1 O-O 11. Rc1 a6 12. Bxc6 Bxc6 13. Ne5 Be8 14. Nf3 Qa5
15. Qe2 Rd8 16. e5 Nd5 17. Nxd5 Rxd5 18. Bc3 Qd8 19. d4 cxd4 20. Bxd4 Rxd4 21.
Nxd4 Qxd4 22. Rc7 Bb4 23. Rd1 Qb6 24. Rc2 Bb5 25. Qe4 Rd8 26. Rxd8+ Qxd8 27.
Rc1 Ba3 28. Re1 Qd5 29. Qe3 Bc6 30. f3 Bc5 0-1

[Event "2014 Alberta Open"]
[Site "Calgary"]
[Date "2014.10.13"]
[Round "5.10"]
[White "Willis, Bradley"]
[Black "Lee, Nicholas"]
[Result "1-0"]
[WhiteElo "2004"]
[BlackElo "1750"]
[PlyCount "115"]
[EventDate "2014.10.11"]
[EventType "swiss"]
[EventRounds "6"]
[EventCountry "CAN"]

1. e4 e5 2. Nf3 Nc6 3. Bc4 Nf6 4. d4 Nxe4 5. dxe5 d6 6. Bxf7+ Kxf7 7. Qd5+ Be6
8. Qxe4 dxe5 9. Nxe5+ Nxe5 10. Qxe5 Bd6 11. Qh5+ g6 12. Qf3+ Qf6 13. Qxf6+ Kxf6
14. O-O Bf5 15. c3 g5 16. Be3 c5 17. Nd2 Rad8 18. Rfe1 b6 19. f3 Rhe8 20. Nf1
h6 21. Bf2 Bf4 22. g3 Bc7 23. Rxe8 Rxe8 24. Ne3 Be6 25. Rd1 Rd8 26. Rxd8 Bxd8
27. b3 Bc7 28. Kf1 Be5 29. Be1 h5 30. Ke2 a5 31. Kd3 Bf7 32. Ke4 Bg8 33. Nd5+
Ke6 34. Nxb6 Bh7+ 35. Ke3 Bb1 36. a3 Ba2 37. b4 axb4 38. axb4 cxb4 39. cxb4 h4
40. Na4 Kd5 41. Nc3+ Bxc3 42. Bxc3 hxg3 43. hxg3 Kc4 44. Be1 Bb1 45. g4 Bg6 46.
f4 Kd5 47. f5 Be8 48. Bc3 Kc4 49. Bf6 Kxb4 50. Bxg5 Kc5 51. Bf6 Kd5 52. Kf4 Bf7
53. g5 Bg8 54. g6 Kd6 55. Kg5 Kd7 56. Bb2 Kd6 57. f6 Ke6 58. Kh6 1-0

[Event "2014 Alberta Open"]
[Site "Calgary"]
[Date "2014.10.13"]
[Round "5.11"]
[White "Zeggelaar, Mike"]
[Black "Wu, Chenxi"]
[Result "1-0"]
[WhiteElo "2002"]
[BlackElo "1668"]
[PlyCount "95"]
[EventDate "2014.10.11"]
[EventType "swiss"]
[EventRounds "6"]
[EventCountry "CAN"]

1. e4 c5 2. d4 cxd4 3. c3 dxc3 4. Nxc3 Nc6 5. Nf3 a6 6. Bc4 b5 7. Bb3 Na5 8.
Bxf7+ Kxf7 9. Qd5+ e6 10. Qxa8 Qc7 11. Be3 Bc5 12. Bxc5 Qxc5 13. Qb8 d6 14. O-O
Nf6 15. e5 Ne8 16. Ne4 Qc6 17. Nxd6+ Nxd6 18. Qxd6 Qxd6 19. exd6 Rd8 20. Rfd1
Nc4 21. b3 Nxd6 22. h3 Ke7 23. Rac1 Bb7 24. Rc7+ Rd7 25. Rxd7+ Kxd7 26. Ne5+
Ke7 27. f4 Bd5 28. Rc1 Nf5 29. Rc7+ Kd6 30. Ra7 Kc5 31. Rxa6 Kb4 32. Ra7 Ne3
33. Rxg7 Nxg2 34. Rxg2 Bxg2 35. Kxg2 Ka3 36. Nd3 Kxa2 37. b4 Kb3 38. Kf3 Kc4
39. Ke4 h6 40. Ke5 Kxd3 41. Kxe6 Kc4 42. f5 Kxb4 43. f6 Kc3 44. f7 b4 45. f8=Q
b3 46. Qxh6 Kc2 47. Qg6+ Kc1 48. h4 1-0

[Event "2014 Alberta Open"]
[Site "Calgary"]
[Date "2014.10.13"]
[Round "5.12"]
[White "Kobalenko, Jerry"]
[Black "Koneru, Nimai"]
[Result "1-0"]
[WhiteElo "1966"]
[BlackElo "1483"]
[PlyCount "91"]
[EventDate "2014.10.11"]
[EventType "swiss"]
[EventRounds "6"]
[EventCountry "CAN"]

1. Nf3 d5 2. g3 Nf6 3. Bg2 Bf5 4. b3 e6 5. Bb2 c5 6. d4 Nc6 7. O-O Be7 8. Nbd2
O-O 9. c4 Re8 10. e3 h6 11. Ne5 Nxe5 12. dxe5 Ne4 13. cxd5 exd5 14. Nxe4 Bxe4
15. Bxe4 dxe4 16. Qg4 Qd5 17. Rfd1 Qc6 18. Qd7 Rad8 19. Qxc6 bxc6 20. Kf1 Rd5
21. Rdc1 Red8 22. Rc2 Rd2 23. Rac1 Rxc2 24. Rxc2 f5 25. exf6 gxf6 26. g4 Rd6
27. Ke2 Re6 28. Rc4 Bd6 29. h3 a5 30. Bc3 Bc7 31. Ra4 Kf7 32. Bxa5 Bxa5 33.
Rxa5 Re5 34. Ra6 Re6 35. a4 Ke7 36. Kd2 Kd6 37. Ra7 Re5 38. Rf7 Rd5+ 39. Kc2
Ke6 40. Rh7 Rd7 41. Rxd7 Kxd7 42. Kc3 Kc7 43. a5 Kb7 44. Kc4 Ka6 45. Kxc5 Kxa5
46. Kxc6 1-0

[Event "2014 Alberta Open"]
[Site "Calgary"]
[Date "2014.10.13"]
[Round "5.13"]
[White "Badulescu, Dan"]
[Black "Zhao, Ian"]
[Result "0-1"]
[WhiteElo "1856"]
[BlackElo "1434"]
[PlyCount "75"]
[EventDate "2014.10.11"]
[EventType "swiss"]
[EventRounds "6"]
[EventCountry "CAN"]

1. e4 e5 2. Bc4 Nf6 3. d4 exd4 4. Bg5 Nc6 5. Nf3 d6 6. O-O Be7 7. Nxd4 Nxd4 8.
Qxd4 O-O 9. Nc3 Bd7 10. Rad1 Bc6 11. Rd3 Re8 12. Rg3 Kf8 13. f4 b6 14. h4 d5
15. Kh2 dxc4 16. Qxc4 Qd7 17. f5 Bd6 18. Bf4 Bxf4 19. Rxf4 Nh5 20. Rd3 Qe7 21.
Rg4 Qe5+ 22. g3 Nf6 23. Rf4 Bb7 24. h5 h6 25. Re3 Rad8 26. Kh3 Rd4 27. Qb3 Nxe4
28. Nxe4 Rxe4 29. Ref3 Rxf4 30. Rxf4 a6 31. Qb4+ Qd6 32. Qxd6+ cxd6 33. f6 gxf6
34. Rxf6 Kg7 35. Rf2 d5 36. Kg4 Bc8+ 37. Kf4 Re4+ 38. Kf3 0-1

[Event "2014 Alberta Open"]
[Site "Calgary"]
[Date "2014.10.13"]
[Round "5.14"]
[White "Allan, Philip"]
[Black "Daniluk, Jim"]
[Result "1/2-1/2"]
[WhiteElo "1871"]
[BlackElo "2084"]
[PlyCount "98"]
[EventDate "2014.10.11"]
[EventType "swiss"]
[EventRounds "6"]
[EventCountry "CAN"]

1. Nf3 Nf6 2. d4 g6 3. Nc3 d5 4. Bf4 c6 5. e3 Bg7 6. Be2 O-O 7. Ne5 Nfd7 8.
Nxd7 Nxd7 9. h4 h6 10. Qd2 e5 11. Bg3 exd4 12. exd4 Re8 13. Bf4 Kh7 14. O-O-O
b5 15. Bf3 Nb6 16. b3 b4 17. Ne2 a5 18. Kb1 a4 19. Nc1 axb3 20. cxb3 Bf5+ 21.
Ka1 c5 22. Be3 Ra3 23. g4 Be4 24. Bxe4 Rxe4 25. Kb1 c4 26. Qxb4 Bf8 27. Qb5
cxb3 28. axb3 Re6 29. Kc2 Qc7+ 30. Kd2 Na4 31. bxa4 Qc3+ 32. Ke2 Rxe3+ 33. Kf1
Rh3 34. Qxd5 Rxh1+ 35. Qxh1 Ra1 36. Qd5 Qh3+ 37. Qg2 Qxh4 38. Qf3 Qg5 39. Nb3
Rxd1+ 40. Qxd1 Qd5 41. Qd3 Bb4 42. f3 h5 43. gxh5 Qxh5 44. Nd2 Qh1+ 45. Ke2
Qg2+ 46. Kd1 Bxd2 47. Qxd2 Qxf3+ 48. Ke1 Qe4+ 49. Kd1 Qb1+ 1/2-1/2

[Event "2014 Alberta Open"]
[Site "Calgary"]
[Date "2014.10.13"]
[Round "5.15"]
[White "Gold, Itohan"]
[Black "Razzaq, Ali"]
[Result "1/2-1/2"]
[WhiteElo "2031"]
[BlackElo "1969"]
[PlyCount "176"]
[EventDate "2014.10.11"]
[EventType "swiss"]
[EventRounds "6"]
[EventCountry "CAN"]

1. e4 c6 2. d4 d5 3. Nd2 dxe4 4. Nxe4 Bf5 5. Ng3 Bg6 6. N1e2 e6 7. Nf4 Bd6 8.
h4 Bxf4 9. Bxf4 h6 10. h5 Bh7 11. Be5 Nf6 12. Bd3 Bxd3 13. Qxd3 Nbd7 14. Qe2
Qa5+ 15. c3 Rd8 16. Nf5 Nxe5 17. dxe5 Nxh5 18. Nd6+ Rxd6 19. exd6 Nf6 20. Rh3
Qd5 21. Rd3 Qxg2 22. d7+ Ke7 23. O-O-O Qg5+ 24. Kb1 Rd8 25. a3 Nd5 26. Rd4 Qf5+
27. Ka1 Nb6 28. Qd2 c5 29. Rd3 Nc4 30. Qe2 Ne5 31. Rd6 c4 32. Qe3 Nd3 33. Qg3
Qxf2 34. R6xd3 Qxg3 35. Rxg3 g6 36. Rg4 b5 37. Kb1 h5 38. Rgd4 g5 39. Kc2 e5
40. Rd5 Ke6 41. Rxb5 h4 42. Rbd5 h3 43. Rd6+ Ke7 44. Rh6 g4 45. Rh7 Ke6 46. Rf1
Rxd7 47. Rh4 f5 48. Rh6+ Kd5 49. Rd1+ Ke4 50. Rxd7 Kf3 51. Rd1 f4 52. b3 cxb3+
53. Kxb3 e4 54. c4 e3 55. c5 e2 56. Rc1 Kg3 57. c6 f3 58. c7 f2 59. c8=Q f1=Q
60. Rc3+ Kh2 61. Qc7+ Kh1 62. Qc6+ Kh2 63. Qd6+ Kh1 64. Qd5+ Qg2 65. Rhxh3+
gxh3 66. Rxh3+ Kg1 67. Qxg2+ Kxg2 68. Re3 Kf2 69. Re7 e1=Q 70. Rxe1 Kxe1 71.
Kb4 Kd2 72. Kb5 Kd3 73. a4 Kd4 74. Kc6 a5 75. Kb5 Kd5 76. Kxa5 Kc6 77. Ka6 Kc7
78. a5 Kb8 79. Kb6 Ka8 80. Kb5 Ka7 81. Kb4 Ka6 82. Ka4 Ka7 83. Kb5 Ka8 84. Kc6
Ka7 85. Kb5 Ka8 86. Kc4 Ka7 87. Kd3 Ka6 88. Ke2 Kxa5 1/2-1/2

[Event "2014 Alberta Open"]
[Site "Calgary"]
[Date "2014.10.13"]
[Round "5.17"]
[White "Scholz, Mike"]
[Black "Dave, Bhavik"]
[Result "0-1"]
[WhiteElo "1438"]
[BlackElo "1577"]
[PlyCount "86"]
[EventDate "2014.10.11"]
[EventType "swiss"]
[EventRounds "6"]
[EventCountry "CAN"]

1. Nf3 g6 2. e4 Bg7 3. Be2 e5 4. b3 Nc6 5. c3 Nge7 6. O-O d5 7. d3 Bg4 8. Ba3
Bxf3 9. Bxf3 d4 10. c4 a5 11. Qe1 O-O 12. b4 Nxb4 13. Bxb4 axb4 14. Qxb4 Qd7
15. h3 c5 16. Qxc5 Rfc8 17. Qb4 Bf8 18. Qb3 Nc6 19. Bg4 f5 20. exf5 gxf5 21.
c5+ Kg7 22. Bf3 Na5 23. Qd5 Qxd5 24. Bxd5 Rxc5 25. Bf3 Nb3 26. Bxb7 Ra7 27.
axb3 Rxa1 28. Nd2 Rcc1 29. Bc8 Kf6 30. g4 Rxf1+ 31. Nxf1 fxg4 32. Bxg4 Rb1 33.
Kg2 Rxb3 34. Be2 Bh6 35. Kf3 Bf4 36. h4 Kf5 37. Ng3+ Bxg3 38. fxg3 e4+ 39. Kf2
exd3 40. g4+ Kf4 41. Bd1 Rb1 42. Ke1 Ke3 43. g5 d2+ 0-1

[Event "2014 Alberta Open"]
[Site "Calgary"]
[Date "2014.10.13"]
[Round "5.20"]
[White "Sasata, Anastasia"]
[Black "Wilson, Robert"]
[Result "0-1"]
[WhiteElo "899"]
[BlackElo "1480"]
[PlyCount "70"]
[EventDate "2014.10.11"]
[EventType "swiss"]
[EventRounds "6"]
[EventCountry "CAN"]

1. e4 c6 2. d4 d5 3. Nc3 dxe4 4. Nxe4 Bf5 5. Bd3 Qxd4 6. Be3 Qe5 7. Rb1 Bxe4 8.
Bxe4 Qxe4 9. Qd3 Qxg2 10. Ke2 Qxh1 11. Rd1 Qd5 12. Nf3 Qxd3+ 13. Rxd3 f6 14.
Bf4 e5 15. Be3 e4 16. Rd2 exf3+ 17. Kxf3 Nd7 18. Bf4 Ne7 19. Re2 Kf7 20. b3 Ng6
21. Be3 Bc5 22. Bd2 Rae8 23. Re1 Rxe1 24. Bxe1 Re8 25. Bc3 Nh4+ 26. Kf4 Bxf2
27. Bd4 Bxd4 28. Kg3 Nf5+ 29. Kg4 Ne3+ 30. Kf3 Nxc2 31. Kf4 Kg6 32. Kg3 Ne1 33.
Kh3 Kg5 34. Kg3 g6 35. Kh3 Re3# 0-1

[Event "2014 Alberta Open"]
[Site "Calgary"]
[Date "2014.10.13"]
[Round "5.21"]
[White "Wang, Paul"]
[Black "Stacey, George"]
[Result "1-0"]
[WhiteElo "1068"]
[BlackElo "1052"]
[PlyCount "53"]
[EventDate "2014.10.11"]
[EventType "swiss"]
[EventRounds "6"]
[EventCountry "CAN"]

1. e4 c6 2. d4 d5 3. exd5 cxd5 4. Bb5+ Nc6 5. Nf3 a6 6. Ba4 Nf6 7. Be3 b5 8.
Bb3 Bb7 9. O-O e6 10. a4 Be7 11. axb5 axb5 12. Nc3 Qb6 13. Rxa8+ Bxa8 14. Qd3
b4 15. Na4 Qc7 16. Nc5 Bxc5 17. dxc5 O-O 18. Ra1 Rd8 19. c3 bxc3 20. bxc3 Na5
21. Bc2 Nc4 22. Bg5 Ne5 23. Nxe5 Qxe5 24. Bxf6 Qxf6 25. Qxh7+ Kf8 26. Qh8+ Ke7
27. Ra7+ 1-0

[Event "2014 Alberta Open"]
[Site "Calgary"]
[Date "2014.10.13"]
[Round "6.2"]
[White "Robichaud, Martin"]
[Black "Shi, Diwen"]
[Result "1/2-1/2"]
[WhiteElo "2193"]
[BlackElo "2208"]
[PlyCount "93"]
[EventDate "2014.10.11"]
[EventType "swiss"]
[EventRounds "6"]
[EventCountry "CAN"]

1. e4 c5 2. c3 d5 3. exd5 Qxd5 4. d4 Nf6 5. Nf3 e6 6. Be2 Nc6 7. Na3 Be7 8. Nb5
Qd8 9. dxc5 Bxc5 10. Qxd8+ Kxd8 11. Bf4 Nd5 12. Bg3 Ke7 13. O-O a6 14. Nbd4 Bd7
15. Rfe1 f6 16. Bc4 Kf7 17. Rad1 Nce7 18. Nb3 Ba7 19. Bxd5 exd5 20. Bd6 Nf5 21.
Rxd5 Be6 22. Rdd1 Rad8 23. Bc7 Rc8 24. Bf4 Rc4 25. Bg3 Rg4 26. Na5 Nxg3 27.
hxg3 Rb8 28. Rd6 Bc8 29. Rd2 Rxg3 30. Rde2 Rg4 31. Re7+ Kg6 32. Nb3 Ra4 33. a3
Rf4 34. Nbd4 Bc5 35. Re8 Bd6 36. g3 Rg4 37. Nh2 Rg5 38. Ndf3 Rb5 39. Nh4+ Kf7
40. Rd8 Bc7 41. Rde8 Be5 42. Rh8 Rxb2 43. N2f3 Bd6 44. Ree8 g5 45. Rd8 Ke7 46.
Rde8+ Kf7 47. Rd8 1/2-1/2

[Event "2014 Alberta Open"]
[Site "Calgary"]
[Date "2014.10.13"]
[Round "6.3"]
[White "Ng, Gary"]
[Black "Pechenkin, Vladimir"]
[Result "0-1"]
[WhiteElo "2248"]
[BlackElo "2388"]
[PlyCount "70"]
[EventDate "2014.10.11"]
[EventType "swiss"]
[EventRounds "6"]
[EventCountry "CAN"]

1. b4 e5 2. Bb2 Bxb4 3. Bxe5 Nf6 4. c4 O-O 5. Nf3 Nc6 6. Bb2 d5 7. cxd5 Nxd5 8.
e3 Re8 9. Be2 Bg4 10. O-O Qe7 11. Qb3 Nf4 12. Bd1 Be6 13. Qc2 Ng6 14. d4 Rad8
15. Nc3 Bc4 16. Be2 Bxe2 17. Nxe2 Bd6 18. Rac1 Nh4 19. Nd2 Qg5 20. Ng3 Nb4 21.
Qb3 Re6 22. Nc4 a5 23. Nxd6 cxd6 24. Rc7 b6 25. a3 Qd5 26. Qxd5 Nxd5 27. Rc6 f5
28. a4 g5 29. Re1 f4 30. Nf1 Rde8 31. Ba3 Nf5 32. g4 Nxd4 33. exd4 Rxe1 34.
Rxd6 Nc3 35. f3 Nb1 0-1

[Event "2014 Alberta Open"]
[Site "Calgary"]
[Date "2014.10.13"]
[Round "6.4"]
[White "Gardner, Robert"]
[Black "Rekhson, Vladislav"]
[Result "1-0"]
[WhiteElo "2244"]
[BlackElo "2252"]
[PlyCount "61"]
[EventDate "2014.10.11"]
[EventType "swiss"]
[EventRounds "6"]
[EventCountry "CAN"]

1. d4 Nf6 2. c4 c5 3. d5 b5 4. f3 bxc4 5. e4 d6 6. Bxc4 g6 7. Ne2 Bg7 8. g4 h6
9. Nbc3 Nbd7 10. Ng3 Ne5 11. Bb5+ Kf8 12. h3 Bb7 13. f4 Ned7 14. O-O Rb8 15.
Qf3 Kg8 16. Be3 Kh7 17. Rae1 Rf8 18. Bc1 Bc8 19. Bd3 Ne8 20. Kg2 Nc7 21. h4 Ba6
22. h5 Bxd3 23. Qxd3 a6 24. Rh1 Nb5 25. hxg6+ fxg6 26. Nge2 Nxc3 27. Nxc3 a5
28. Rh2 Qe8 29. Reh1 Rb4 30. Rxh6+ Bxh6 31. Qh3 1-0

[Event "2014 Alberta Open"]
[Site "Calgary"]
[Date "2014.10.13"]
[Round "6.5"]
[White "Sequillion, Aaron"]
[Black "Zeggelaar, Mike"]
[Result "1-0"]
[WhiteElo "2214"]
[BlackElo "2002"]
[PlyCount "61"]
[EventDate "2014.10.11"]
[EventType "swiss"]
[EventRounds "6"]
[EventCountry "CAN"]

1. e4 e5 2. Nf3 Nc6 3. Bb5 a6 4. Ba4 Nf6 5. O-O Be7 6. Re1 b5 7. Bb3 O-O 8. h3
d6 9. c3 Na5 10. Bc2 c5 11. d4 Qc7 12. d5 Bd7 13. Nbd2 Nb7 14. b3 c4 15. bxc4
bxc4 16. a4 Rfc8 17. Rb1 Rab8 18. Qe2 Na5 19. Ba3 Bf8 20. Rb4 Rxb4 21. cxb4 c3
22. Nb1 Nc4 23. Bc1 Qb6 24. Nxc3 Qxb4 25. Na2 Qc5 26. Bd3 Bxa4 27. Bg5 Be7 28.
Rc1 Bb5 29. Be3 Qa3 30. Bxc4 Bxc4 31. Rxc4 1-0

[Event "2014 Alberta Open"]
[Site "Calgary"]
[Date "2014.10.13"]
[Round "6.6"]
[White "Zhao, Ian"]
[Black "Booker, Brad"]
[Result "0-1"]
[WhiteElo "1434"]
[BlackElo "2234"]
[PlyCount "58"]
[EventDate "2014.10.11"]
[EventType "swiss"]
[EventRounds "6"]
[EventCountry "CAN"]

1. e4 c6 2. d4 d5 3. e5 Bf5 4. Nf3 e6 5. Bd3 Ne7 6. O-O Nd7 7. c3 Qb6 8. Bxf5
Nxf5 9. Qc2 c5 10. Be3 Rc8 11. Qd2 Nxe3 12. fxe3 Be7 13. Kh1 O-O 14. Na3 f6 15.
exf6 Nxf6 16. Rfc1 Ne4 17. Qe2 c4 18. Qc2 Bd6 19. Rab1 Rf5 20. Kg1 a6 21. Qd1
Rcf8 22. Qe1 Qc7 23. Rc2 Qf7 24. Qe2 Qg6 25. Nh4 Qh6 26. Nf3 Rh5 27. g3 Bxg3
28. hxg3 Rh1+ 29. Kg2 Qh3# 0-1

[Event "2014 Alberta Open"]
[Site "Calgary"]
[Date "2014.10.13"]
[Round "6.7"]
[White "Willis, Bradley"]
[Black "Cheng, Louis"]
[Result "0-1"]
[WhiteElo "2005"]
[BlackElo "2151"]
[PlyCount "32"]
[EventDate "2014.10.11"]
[EventType "swiss"]
[EventRounds "6"]
[EventCountry "CAN"]

1. e4 c5 2. d4 cxd4 3. c3 dxc3 4. Nxc3 a6 5. Bc4 e6 6. Nf3 Qc7 7. Bb3 Bb4 8.
O-O Nf6 9. e5 Ng4 10. Qd4 Bxc3 11. bxc3 h5 12. Bf4 h4 13. h3 Nh6 14. Bc2 Nc6
15. Qe3 Na5 16. Nd2 b5 0-1

[Event "2014 Alberta Open"]
[Site "Calgary"]
[Date "2014.10.13"]
[Round "6.8"]
[White "Tran-Ly, Tristan"]
[Black "Karmali, Hafiz"]
[Result "1/2-1/2"]
[WhiteElo "2128"]
[BlackElo "2031"]
[PlyCount "60"]
[EventDate "2014.10.11"]
[EventType "swiss"]
[EventRounds "6"]
[EventCountry "CAN"]

1. e4 e6 2. d4 d5 3. Nd2 Nf6 4. e5 Nfd7 5. Bd3 c5 6. c3 Nc6 7. Ne2 f6 8. exf6
Nxf6 9. Nf3 Qb6 10. O-O Bd6 11. Re1 O-O 12. a3 a5 13. Rb1 Bd7 14. Ng3 Rae8 15.
Bc2 e5 16. dxe5 Nxe5 17. Nxe5 Bxe5 18. Bg5 Qd6 19. Qd3 g6 20. Rbd1 Bg4 21. f3
Bxg3 22. hxg3 Rxe1+ 23. Rxe1 Qxg3 24. Re2 Bf5 25. Qd2 Bxc2 26. Bxf6 Rxf6 27.
Qxd5+ Kg7 28. Re7+ Kh6 29. Qd2+ Qf4 30. Qxc2 Rd6 1/2-1/2

[Event "2014 Alberta Open"]
[Site "Calgary"]
[Date "2014.10.13"]
[Round "6.9"]
[White "Kobalenko, Jerry"]
[Black "Miller, David"]
[Result "0-1"]
[WhiteElo "1966"]
[BlackElo "2204"]
[PlyCount "92"]
[EventDate "2014.10.11"]
[EventType "swiss"]
[EventRounds "6"]
[EventCountry "CAN"]

1. Nf3 c5 2. g3 b6 3. Bg2 Bb7 4. b3 Nf6 5. Bb2 e6 6. O-O Be7 7. e3 d6 8. d4
cxd4 9. exd4 Nbd7 10. c4 a6 11. Nc3 Rc8 12. Qe2 O-O 13. Rfe1 Re8 14. Rac1 Bf8
15. Nh4 Bxg2 16. Nxg2 Qc7 17. Ne3 g6 18. f4 Bg7 19. Qf3 Qb8 20. a4 e5 21. Ne2
b5 22. cxb5 e4 23. Qf1 axb5 24. a5 b4 25. Rxc8 Rxc8 26. Rc1 Rxc1 27. Qxc1 Qb5
28. Qc8+ Nf8 29. Nc4 Qh5 30. Kf1 Qf3+ 31. Ke1 e3 32. Qh3 Qf2+ 33. Kd1 d5 34.
Ne5 Ne4 35. a6 Nc3+ 36. Bxc3 bxc3 37. Qg4 Qf1+ 38. Kc2 Qe1 39. Nxc3 Qd2+ 40.
Kb1 Qxc3 41. Qd1 Bxe5 42. fxe5 Qa5 43. Qd3 Ne6 44. Kc2 Nxd4+ 45. Qxd4 e2 46. b4
Qa2+ 0-1

[Event "2014 Alberta Open"]
[Site "Calgary"]
[Date "2014.10.13"]
[Round "6.10"]
[White "Gold, Itohan"]
[Black "Kostadinov, Georgi"]
[Result "0-1"]
[WhiteElo "2031"]
[BlackElo "2205"]
[PlyCount "56"]
[EventDate "2014.10.11"]
[EventType "swiss"]
[EventRounds "6"]
[EventCountry "CAN"]

1. e4 c5 2. Nf3 d6 3. d4 cxd4 4. Nxd4 Nf6 5. Nc3 a6 6. Be3 e5 7. Nb3 Be7 8. f3
Be6 9. Qd2 d5 10. exd5 Nxd5 11. Nxd5 Qxd5 12. Bd3 Nd7 13. Qf2 Qc6 14. O-O f5
15. Kh1 O-O 16. Qe2 Bf6 17. c3 e4 18. fxe4 fxe4 19. Bc2 Bc4 20. Qg4 Bxf1 21.
Rxf1 Ne5 22. Qg3 Ng6 23. Rd1 Rad8 24. Nd4 Bxd4 25. Bxd4 Rxd4 26. Bb3+ Rc4 27.
h4 b5 28. h5 Nf4 0-1

[Event "2014 Alberta Open"]
[Site "Calgary"]
[Date "2014.10.13"]
[Round "6.11"]
[White "Razzaq, Ali"]
[Black "Daniluk, Jim"]
[Result "1-0"]
[WhiteElo "1952"]
[BlackElo "2048"]
[PlyCount "115"]
[EventDate "2014.10.11"]
[EventType "swiss"]
[EventRounds "6"]
[EventCountry "CAN"]

1. d4 Nf6 2. Bf4 g6 3. Nf3 Bg7 4. e3 O-O 5. Be2 c5 6. c3 cxd4 7. cxd4 Nd5 8.
Bg5 h6 9. Bh4 Qb6 10. Qb3 Qxb3 11. axb3 g5 12. Bg3 Nc6 13. Nc3 Ndb4 14. O-O d6
15. d5 Bxc3 16. bxc3 Nxd5 17. c4 Nf6 18. Nd2 Rd8 19. Rfd1 Bf5 20. f3 d5 21. Bf2
Bg6 22. Kf1 d4 23. exd4 Nxd4 24. Ra3 Nc6 25. Ke1 e5 26. h4 e4 27. hxg5 Nb4 28.
Rxa7 Nc2+ 29. Kf1 Rxa7 30. Bxa7 e3 31. gxf6 exd2 32. Kf2 Ne1 33. Be3 Bc2 34.
Rxd2 Rxd2 35. Bxd2 Nd3+ 36. Bxd3 Bxd3 37. Bxh6 Kh7 38. Bf4 Kg6 39. Be5 Kf5 40.
Bd4 Bc2 41. b4 Bd3 42. c5 Bb5 43. Ke3 Ke6 44. Bc3 Kd5 45. g4 Kc4 46. Be1 Kd5
47. Kf4 Be2 48. g5 Ke6 49. Ke4 Bb5 50. Bd2 Bc6+ 51. Kf4 Bb5 52. Be3 Bc4 53. Kg4
Be2 54. Bd2 Bd3 55. Kf4 Bb5 56. Ke3 Kf5 57. Kd4 Be2 58. Kd5 1-0

[Event "2014 Alberta Open"]
[Site "Calgary"]
[Date "2014.10.13"]
[Round "6.12"]
[White "Bentley, Bill"]
[Black "Allan, Philip"]
[Result "1/2-1/2"]
[WhiteElo "1931"]
[BlackElo "1871"]
[PlyCount "44"]
[EventDate "2014.10.11"]
[EventType "swiss"]
[EventRounds "6"]
[EventCountry "CAN"]

1. d4 Nf6 2. c4 e5 3. dxe5 Ng4 4. Bf4 Nc6 5. Nf3 Bb4+ 6. Nbd2 Qe7 7. e3 O-O 8.
Be2 Ngxe5 9. O-O a5 10. a3 Bd6 11. Bg3 Nxf3+ 12. Nxf3 Bxg3 13. hxg3 d6 14. Qc2
Qf6 15. Bd3 g6 16. Rac1 Ne5 17. Nxe5 Qxe5 18. Rfd1 Bg4 19. Be2 Bxe2 20. Qxe2 h6
21. Qd2 Rfe8 22. Qc3 Qxc3 1/2-1/2

[Event "2014 Alberta Open"]
[Site "Calgary"]
[Date "2014.10.13"]
[Round "6.14"]
[White "Lee, Nicholas"]
[Black "Sklenka, Steve"]
[Result "1-0"]
[WhiteElo "1750"]
[BlackElo "1537"]
[PlyCount "95"]
[EventDate "2014.10.11"]
[EventType "swiss"]
[EventRounds "6"]
[EventCountry "CAN"]

1. e4 e6 2. d4 d5 3. Nd2 dxe4 4. Nxe4 Nf6 5. Nxf6+ Qxf6 6. Nf3 Qd8 7. Bd3 Nd7
8. O-O Nf6 9. Bg5 Be7 10. c4 O-O 11. Qc2 h6 12. Bh4 Nh5 13. Bxe7 Qxe7 14. Rfe1
Qd8 15. Rad1 c6 16. Be4 Nf6 17. d5 cxd5 18. cxd5 exd5 19. Bd3 Be6 20. Nd4 Re8
21. Qb3 Rb8 22. Bb5 Bd7 23. Rxe8+ Bxe8 24. Nf5 Bxb5 25. Qxb5 Qe8 26. Qc5 Qe2
27. Qd4 Re8 28. Ne3 Ne4 29. Nf1 Rc8 30. Ng3 Nxg3 31. hxg3 Rc2 32. Rf1 Rxb2 33.
Qxd5 Rxa2 34. Qxb7 g6 35. Qc8+ Kg7 36. Qc3+ Kg8 37. Qc8+ Kh7 38. Qc7 Kg7 39.
Qc3+ Kh7 40. Qc7 Qe6 41. Qc3 h5 42. Qd4 a5 43. Rb1 a4 44. Rb8 f6 45. Qa7+ Kh6
46. f4 g5 47. Rh8+ Kg6 48. Qh7# 1-0